000 00233nam a2200097Ia 4500
005 20251222144741.0
008 251222s9999||||xx |||||||||||||| ||spa||
082 _a379.985/A13
245 0 _aNueva Ley General de Educación
942 _cLIB
999 _c18972
_d18972